| 000 | 00609cam a2200181 4500 | ||
|---|---|---|---|
| 001 | 45438 | ||
| 090 | _a45438 | ||
| 100 | _a19880915d1946 km y0pory5003 ba | ||
| 101 | 0 | _apor | |
| 102 | _aPT | ||
| 200 | 1 |
_aPequenas bibliotecas _ecomo as organizar modernamente e como utilizá-las _fEma Quintas Alves |
|
| 210 | 9 |
_aLisboa _cedições Cosmos, _dimp. 1946 |
|
| 215 |
_a145, [2] p. _cil., 8 p. de estampas _d20 cm |
||
| 225 | 2 |
_aBiblioteca Cosmos _v111 _h1, _iCiências e técnicas. _iCiência psicológicas e sociológicas _v53 |
|
| 675 |
_a02(023) _vmed _zpor |
||
| 700 | 1 |
_aAlves, _bEma Quintas |
|
| 801 | 0 |
_aPT _bBN _gRPC |
|
| 990 | _cLIVROS | ||